Operacionnyje sistemy specializirovannych vyčislitelnych kompleksov: teorija, postrojenija i sistemnogo projektirovanija /
Salvato in:
| Autore principale: | |
|---|---|
| Natura: | Libro |
| Lingua: | russo |
| Pubblicazione: |
Moskva :
Mašinostrojenije,
1989
|
| Tags: |
Nessun Tag, puoi essere il primo ad aggiungerne!!
|
MARC
| LEADER | 00000nam a22000003a 4500 | ||
|---|---|---|---|
| 001 | stu2301 | ||
| 005 | 20150617225619.4 | ||
| 008 | 920908s1989----xxr-----------------rus-d | ||
| 040 | |a STU |b slo | ||
| 041 | 0 | |a rus | |
| 044 | |a xxr | ||
| 080 | |a 681.32.066 | ||
| 100 | 1 | |a Nazarov, Stanislav Viktorovič |4 aut | |
| 245 | 1 | |a Operacionnyje sistemy specializirovannych vyčislitelnych kompleksov: teorija, postrojenija i sistemnogo projektirovanija / |c [aut.] Nazarov,Stanislav Viktorovič | |
| 260 | |a Moskva : |b Mašinostrojenije, |c 1989 | ||
| 300 | |a 398 s | ||
| 996 | |c I*9OP4215 |l I |s A |a 24 |w stu2301_0001 | ||